Statystyki dla 10 najpopularniejszych stanów USA, które ludzie opuszczają

Kliknij tutaj aby rozwiązać quiz!

Ogólne statystyki

  • Ten quiz został rozwiązany 45 razy
  • Średni wynik to 4 z 10

Statystyki odpowiedzi

MigracjaStan% Poprawnych
-1,198,000Kalifornia
59%
-58,000Michigan
53%
-883,000Nowy Jork
53%
-46,000Minnesota
47%
-110,000Luizjana
35%
-153,000New Jersey
35%
-149,000Massachusetts
24%
-42,000Hawaje
18%
-364,000Illinois
18%
-100,000Maryland
12%

Rozkład punktacji

Percentyl według liczby udzielonych odpowiedzi

Procent ludzi z każdym wynikiem

Twoja historia wyników

Nie rozwiązałeś tego quizu